|
|
|
|
| LEADER |
01891nam a2200565 4500 |
| 001 |
ocn890000932 |
| 003 |
OCoLC |
| 005 |
20170124065910.2 |
| 006 |
m o d |
| 007 |
cr |n||||||||| |
| 008 |
140905s2014 gw ob 001 0 eng d |
| 040 |
|
|
|a IDEBK
|b eng
|e pn
|c IDEBK
|d E7B
|d DG1
|d RECBK
|d YDXCP
|d OCLCF
|d COO
|d OCLCO
|d OCLCQ
|d DEBBG
|d D6H
|d K6U
|d GrThAP
|
| 019 |
|
|
|a 961650520
|a 962679965
|
| 020 |
|
|
|a 9783433604076
|q (electronic bk.)
|
| 020 |
|
|
|a 343360407X
|q (electronic bk.)
|
| 020 |
|
|
|a 1322078394
|q (ebk)
|
| 020 |
|
|
|a 9781322078397
|q (ebk)
|
| 020 |
|
|
|a 9783433030875
|
| 020 |
|
|
|a 3433030871
|
| 020 |
|
|
|a 9783433604069
|q (e-book)
|
| 020 |
|
|
|a 3433604061
|q (e-book)
|
| 020 |
|
|
|a 9783433604151
|q (ePub)
|
| 020 |
|
|
|a 3433604150
|q (ePub)
|
| 020 |
|
|
|a 9783433604045
|q (Mobi)
|
| 020 |
|
|
|a 3433604045
|q (Mobi)
|
| 029 |
1 |
|
|a NZ1
|b 15909339
|
| 029 |
1 |
|
|a DEBBG
|b BV043397099
|
| 035 |
|
|
|a (OCoLC)890000932
|z (OCoLC)961650520
|z (OCoLC)962679965
|
| 037 |
|
|
|a 639090
|b MIL
|
| 050 |
|
4 |
|a TA439
|
| 082 |
0 |
4 |
|a 620.1/36
|2 23
|
| 049 |
|
|
|a MAIN
|
| 245 |
0 |
0 |
|a Ultra-high performance concrete UHPC :
|b fundamentals, design, examples /
|c Ekkhard Fehling [and others].
|
| 264 |
|
1 |
|a Berlin :
|b Ernst & Sohn,
|c 2014.
|
| 300 |
|
|
|a 1 online resource.
|
| 336 |
|
|
|a text
|b txt
|2 rdacontent
|
| 337 |
|
|
|a computer
|b c
|2 rdamedia
|
| 338 |
|
|
|a online resource
|b cr
|2 rdacarrier
|
| 490 |
1 |
|
|a BetonKalender
|
| 504 |
|
|
|a Includes bibliographical references and index.
|
| 588 |
0 |
|
|a Print version record.
|
| 650 |
|
0 |
|a High strength concrete.
|
| 650 |
|
7 |
|a High strength concrete.
|2 fast
|0 (OCoLC)fst00956399
|
| 655 |
|
4 |
|a Electronic books.
|
| 655 |
|
0 |
|a Electronic books.
|
| 700 |
1 |
|
|a Fehling, Ekkehard.
|
| 776 |
0 |
8 |
|i Print version:
|z 9781322078397
|
| 830 |
|
0 |
|a Beton-Kalender series.
|
| 856 |
4 |
0 |
|u https://doi.org/10.1002/9783433604076
|z Full Text via HEAL-Link
|
| 994 |
|
|
|a 92
|b DG1
|